| 000 | 00000nam##2200000za#4500 |
| 001 | 9.571787 |
| 003 | CaOODSP |
| 005 | 20210624182910 |
| 007 | cr ||||||||||| |
| 008 | 150406|1999||||xxc|||||o f|0| 0 eng|d |
| 040 | |aCaOODSP|beng |
| 043 | |an-cn--- |
| 086 | 1 |aNH18-24/15E-PDF |
| 110 | 2 |aCanada Mortgage and Housing Corporation. |
| 245 | 10|aRemoving ice on roofs |h[electronic resource] |
| 260 | |aOttawa - Ontario : |bCanada Mortgage and Housing Corporation |cc1999. |
| 300 | |a5p.|bfigs. |
| 490 | 1 |aAbout your house |vCE15 |
| 590 | |a11-23-Supp|b2011-10-17 |
| 690 | 07|aHousing|2gcpds |
| 690 | 07|aSafety|2gcpds |
| 690 | 07|aIce|2gcpds |
| 775 | 08|tL'enlèvement de la glace sur les toitures |w(CaOODSP)9.602212 |
| 776 | 0#|tRemoving ice on roofs |w(CaOODSP)9.615640 |
| 830 | #0|aAbout your house ;|vCE15|w(CaOODSP)9.505388 |
| 856 | 40|ahttp://publications.gc.ca|qPDF|s113 KB|uhttps://publications.gc.ca/collections/Collection/NH18-24-15E.pdf|yCE15 |